Bytový dom

Guardado en:
Detalles Bibliográficos
Autor principal: Kováč, Martin (Autor)
Otros Autores: Piatka, Jaroslav (Orientador)
Formato: Manuscrito Libro
Lenguaje:eslovaco
Publicado: 2015
Materias:
Acceso en línea:http://is.stuba.sk/zp/portal_zp.pl?podrobnosti=108994
https://opac.crzp.sk/?fn=detailBiblioForm&sid=A1BE4CBC10A6410E23D0708DE444
Etiquetas: Agregar Etiqueta
Sin Etiquetas, Sea el primero en etiquetar este registro!

MARC

LEADER 00000ntm a22000003a 4500
001 stuzp52550
003 SK-STU
005 20230815102907.6
007 ta
008 150427s2015----xo-----f-mn---000-0-slo-d
040 |a STU  |b slo 
041 0 |a slo 
100 1 |a Kováč, Martin  |u 010270  |4 aut  |U SvF Stavebná fakulta  |T SvF Katedra technológie stavieb  |X 7549  |U V270  |Y 28  |7 7549 
242 0 1 |a Bytový dom  |y eng 
245 1 0 |a Bytový dom 
260 |c 2015 
650 4 |a Bytový dom  |2 slo 
650 4 |a Zelená strecha  |2 slo 
650 4 |a Plochá strecha  |2 slo 
650 4 |a Polyfunkcia  |2 slo 
650 4 |a Apartment building  |2 eng 
650 4 |a Green roof  |2 eng 
650 4 |a Flat roof  |2 eng 
650 4 |a Polyfunctional  |2 eng 
700 1 |a Piatka, Jaroslav  |4 ths  |X 12146  |7 A000012146 
856 4 |u http://is.stuba.sk/zp/portal_zp.pl?podrobnosti=108994 
856 4 |u https://opac.crzp.sk/?fn=detailBiblioForm&sid=A1BE4CBC10A6410E23D0708DE444 
SQL |a stuzp52550  |b DBP  |c SLO  |d Bytový dom  |e 7549  |f Kováč, Martin  |g 010270  |h 12146  |i Piatka, Jaroslav  |j 20150623  |k 6  |l 01  |m http://is.stuba.sk/zp/portal_zp.pl?podrobnosti=108994  |n B-TMS  |o 5.2.8. stavebníctvo